The sea around us / (Record no. 10961)
[ view plain ]
| 000 -LEADER | |
|---|---|
| fixed length control field | 00700cam a2200241u 4500 |
| 001 - CONTROL NUMBER | |
| control field | 10961 |
| 003 - CONTROL NUMBER IDENTIFIER | |
| rucl marc code | BD-RjUL |
| 005 - DATE AND TIME OF LATEST TRANSACTION | |
| control field | 20211208235039.0 |
| 008 - FIXED-LENGTH DATA ELEMENTS--GENERAL INFORMATION | |
| fixed length control field | 140125r19571955nyua j 000 0 eng d |
| 035 ## - SYSTEM CONTROL NUMBER | |
| System control number | (BD-RjUL)11010 |
| 040 ## - CATALOGING SOURCE | |
| Original cataloging agency | DLC |
| Transcribing agency | CarP |
| Modifying agency | DLC |
| -- | (BD-RjUL) |
| Language of cataloging | eng |
| 041 ## - LANGUAGE CODE | |
| Language code of text/sound track or separate title | eng |
| 082 04 - DEWEY DECIMAL CLASSIFICATION NUMBER | |
| Classification number | 574.922 |
| Author mark and year | CAS |
| 100 1# - MAIN ENTRY--PERSONAL NAME | |
| Personal name | Carson, Rachel, |
| Dates associated with a name | 1907-1964. |
| 9 (RLIN) | 33874 |
| 245 14 - TITLE STATEMENT | |
| Title | The sea around us / |
| Statement of responsibility, etc. | Carson, Rachel, |
| 260 ## - PUBLICATION, DISTRIBUTION, ETC. (IMPRINT) | |
| Place of publication, distribution, etc. | London : |
| Name of publisher, distributor, etc. | Staples Press Limited |
| Date of publication, distribution, etc. | 1955 [Impression 1957] |
| 300 ## - PHYSICAL DESCRIPTION | |
| Pagination | 231p. : |
| Illustrations | illus. ; |
| Size | 21cm. |
| 504 ## - BIBLIOGRAPHY, ETC. NOTE | |
| Bibliography, etc | Includes Index |
| 650 #0 - SUBJECT ADDED ENTRY--TOPICAL TERM | |
| Topical term or geographic name as entry element | Ocean |
| General subdivision | Juvenile literature. [from old catalog] |
| 9 (RLIN) | 33875 |
| 942 ## - ADDED ENTRY ELEMENTS (KOHA) | |
| Source of classification or shelving scheme | Dewey Decimal Classification |
| Koha item type | Books |
| Lost status | Source of classification or shelving scheme | Damaged status | Not for loan | Collection code | Permanent Location | Current Location | Shelving location | Date acquired | Source of acquisition | Total Checkouts | Full call number | Date last seen | Copy number | Koha item type |
|---|---|---|---|---|---|---|---|---|---|---|---|---|---|---|
| Dewey Decimal Classification | Not For Loan | Non-fiction | Central Library, University of Rajshahi | Central Library, University of Rajshahi | Reading Room | 10/01/1959 | Colombo plan gratis | 574.922 CAS 1957 | 25/01/2014 | C-1 | Books |